| 000 | 00614nam a2200217 a 4500 | ||
|---|---|---|---|
| 001 | 000048286 | ||
| 003 | DO-SdBNP | ||
| 005 | 20260305073957.0 | ||
| 007 | ta | ||
| 008 | 181212s2000 dr c r 000 0 spa d | ||
| 020 | _a9993410217 | ||
| 040 |
_aDO-SdBNP _bspa _cBNPHU |
||
| 082 | 4 |
_bF363d _222 |
|
| 100 | 1 |
_aFernández, Leonel, _d1953- _97291 |
|
| 245 | 1 | 0 |
_aDiscursos IV / _cLeonel Fernández ; editor Rafael Núñez. |
| 260 |
_aSanto Domingo : _bAlfa & Omega, _c2000. |
||
| 300 |
_a103 p. : _bretrs. ; _c22 cm. |
||
| 590 | _aInventariado, 2019/BT | ||
| 700 | 1 |
_aNúñez, Rafael, _eed. _91366 |
|
| 942 |
_2ddc _cLBS1 |
||
| 999 |
_c47774 _d47774 |
||